An Arabic-English lexicon, (Record no. 50456)

MARC details
000 -LEADER
fixed length control field 01035cam a22002651 4500
001 - CONTROL NUMBER
control field ne 68002140
003 - CONTROL NUMBER IDENTIFIER
control field DLC
005 - DATE AND TIME OF LATEST TRANSACTION
control field 20260227111842.0
008 - FIXED-LENGTH DATA ELEMENTS--GENERAL INFORMATION
fixed length control field 710901r19681863le d 00010 eng
010 ## - LIBRARY OF CONGRESS CONTROL NUMBER
LC control number ne 68002140
040 ## - CATALOGING SOURCE
Original cataloging agency DLC
Transcribing agency DLC
Modifying agency DLC
041 0# - LANGUAGE CODE
Language code of text/sound track or separate title engara
050 00 - LIBRARY OF CONGRESS CALL NUMBER
Classification number PJ6640
Item number .L3 1968
082 00 - DEWEY DECIMAL CLASSIFICATION NUMBER
Classification number 492.732
100 10 - MAIN ENTRY--PERSONAL NAME
Personal name Lane, Edward William,
Dates associated with a name 1801-1876.
245 13 - TITLE STATEMENT
Title An Arabic-English lexicon,
Statement of responsibility, etc. by Edward William Lane.
260 0# - PUBLICATION, DISTRIBUTION, ETC.
Place of publication, distribution, etc. Beirut,
Name of publisher, distributor, etc. Librairie du Liban,
Date of publication, distribution, etc. 1968.
300 ## - PHYSICAL DESCRIPTION
Extent 8 v. (xxxiv, 3064 p.)
Dimensions 33 cm.
500 ## - GENERAL NOTE
General note Photo-offset of the edition published in London, 1863-93.
500 ## - GENERAL NOTE
General note Vols. 6-8 edited by Stanley Lane-Poole.
500 ## - GENERAL NOTE
General note Memoir of Edward William Lane by Stanley Lane-Poole: v. 5, p. [v]-xxxix.
505 0# - FORMATTED CONTENTS NOTE
Formatted contents note [pt. 1. ʼ - th.--pt. 2. j - kh.--pt. 3. d - z.--pt. 4. s - ṣ.--pt. 5. ḍ - ʻ.--pt. 6. gh - f.--pt. 7. q - m.--pt. 8. n - y, and suppl. to pts. 7 and 8.
650 #0 - SUBJECT ADDED ENTRY--TOPICAL TERM
Topical term or geographic name entry element Arabic language
General subdivision Dictionaries
-- English.
700 21 - ADDED ENTRY--PERSONAL NAME
Personal name Lane-Poole, Stanley,
Dates associated with a name 1854-1931,
Relator term ed.

No items available.

Powered by Koha